Recycling real estate : the #1 way to make money in the'80s

Bibliographic Details
Main Author: Bockl, George
Format: Book
Published: New Jersey : PrenticeHall Inc , c1983
Subjects:

MARC

LEADER 00000cam a2200000 7i4500
001 0000001096
005 20021119.0
020 |a 0137688040 
040 |a INS 
090 0 0 |a HD1382.5.   |b B6 1983 
100 1 |a Bockl, George 
245 1 0 |a Recycling real estate :   |b the #1 way to make money in the'80s   |c by George Bockl 
260 |a New Jersey :   |b PrenticeHall Inc ,   |c c1983 
650 0 0 |a Buildings   |x Remodeling for other use   |x Economic aspects 
650 0 0 |a Real estate investment 
999 |a 0000000340   |b BOOK   |c Open Shelf   |e Default branch